Statistics for Brands by Simpsons Parody

Click here to take the quiz!

General Stats

  • This quiz has been taken 8 times
  • The average score is 4 of 5

Answer Stats

Simpsons
Real Life% Correct
MappleApple
100%
OogleGoogle
100%
My PhoneIPhone
100%
Face LookFacebook
86%
Task MonkeyTask Rabbit
29%

Score Distribution

Percentile by Number Answered

Percent of People with Each Score

Your Score History

You have not taken this quiz